Word Ladder: Romantic Verse Quiz Stats

 Plays Quiz Updated Oct 7, 2012

Support Sporcle.
Go Orange.
Score 0/18 Timer 01:30
0 Plays Today
❤ HINT ❤ ❤ WORD ❤ % Correct
'Love of my ____'LIFE
97%
ElevateLIFT
93.6%
❤ A ____ OF BREAD, ❤❤ LOAF ❤
88.8%
Attic spaceLOFT
86.8%
Having little fatLEAN
83.3%
Part of a poem or songLINE
81.1%
Tree branch appendageLEAF
81%
Ponce de ____LEON
76.7%
Chicken condoCOOP
74.1%
❤ HINT ❤ ❤ WORD ❤ % Correct
Weaving machineLOOM
73.8%
PlunderLOOT
73.1%
Rich soilLOAM
70%
Masked garbage raiderCOON
68%
❤ A JUG OF ____, ❤❤ WINE ❤
67.1%
Laughing birdLOON
64.8%
Strike with a hatchetCHOP
60.5%
____ En-laiCHOU
24.1%
❤ AND ____❤ THOU ❤
20.5%

Today's Daily Dose

Word Ladder
ING Words

Get the Picture
Nearest Volcano

From the Vault

Jennifer Lawrence Movies

by zalkon2004

Movies 3m
No matter what you do, do not get into an archery contest with J-Law.
Remove Ads.
Support Sporcle.
Get the best of Sporcle when you Go Orange. This ad-free experience offers more features, more stats, and more fun while also helping to support Sporcle. Thank you for becoming a member.

Show Comments

Extras

Top Quizzes Today


Score Distribution

Your Account Isn't Verified!

In order to create a playlist on Sporcle, you need to verify the email address you used during registration. Go to your Sporcle Settings to finish the process.

Report this User

Report this user for behavior that violates our Community Guidelines.

Details: